UEFA - Clasificación histórica Champions League - Estadísticas

Estadísticas generales
  • Esta prueba ha sido intentada 393 veces
  • La puntuación promedio es 39 de 50
Estadísticas de respuestas
Posición País Temporadas Puntos Club % Correcto
Italia 17 197 A.C. Milan
100%
Alemania 24 345 Bayern Múnich
100%
España 25 370 F.C. Barcelona
100%
Inglaterra 23 296 Manchester United
100%
España 25 372 Real Madrid C.F.
100%
14º Italia 11 193 F.C. Internazionale
99%
Portugal 24 210 F.C. Porto
99%
Italia 21 252 Juventus F.C.
99%
12º Francia 8 204 París Saint-Germain
99%
13º Alemania 10 202 Borussia Dortmund
98%
Inglaterra 17 212 Chelsea F.C.
98%
20º Portugal 11 136 S.L. Benfica
98%
15º Países Bajos 13 181 Ajax Ámsterdam
97%
17º España 6 169 Atlético de Madrid
97%
10º Inglaterra 9 218 Liverpool F.C.
97%
Inglaterra 19 207 Arsenal F.C.
96%
19º Inglaterra 5 138 Manchester City
96%
16º España 10 176 Valencia C.F.
96%
11º Francia 13 210 Olympique de Lyon
94%
32º Francia 9 77 Olympique de Marsella
93%
47º España 3 38 Sevilla F.C.
93%
22º Países Bajos 14 133 PSV Eindhoven
91%
21º Italia 9 133 A.S. Roma
89%
37º Escocia 8 58 Celtic F.C.
86%
25º Ucrania 15 121 Dynamo de Kiev
85%
26º Turquía 14 121 Galatasaray S.K.
81%
45º Portugal 6 40 Sporting de Lisboa
81%
23º Alemania 10 131 Bayern Leverkusen
77%
35º Escocia 10 59 Rangers F.C.
77%
24º Ucrania 11 122 Shaktar Donetsk
76%
48º Países Bajos 4 35 Feyenoord de Rotterdam
75%
27º Francia 6 113 A.S. Mónaco
72%
29º España 5 84 R.C. Deportivo de La Coruña
72%
34º Italia 5 62 S.S. Lazio
72%
40º República Checa 7 54 A.C. Sparta de Praga
68%
50º España 3 30 Villarreal C.F.
67%
46º Turquía 6 39 Fenerbahçe S.K.
65%
18º Grecia 17 142 Olympiakos
64%
28º Grecia 9 87 Panathinaikos
63%
49º Francia 5 30 Lille O.S.C.
61%
39º Rusia 6 55 F.C. Zenit
60%
44º Italia 3 41 A.C.F. Fiorentina
59%
43º Rusia 9 53 CSKA de Moscú
58%
38º Bélgica 11 56 R.S.C. Anderlecht
54%
30º Alemania 7 82 F.C. Schalke 04
50%
42º Suiza 6 53 F.C. Basel
49%
31º Rusia 11 78 Spartak de Moscú
41%
36º Alemania 7 58 Werder Bremen
39%
41º Francia 4 53 Girondins de Burdeos
33%
33º Noruega 11 75 Rosenborg B.K.
29%
No se encontraron pruebas coincidentes
Distribución de puntuación
Porcentaje de gente con cada puntuación
Porcentaje por número respondido
Historial de tus puntuaciones
No has intentado esta prueba.